banner-ar

Psychology / (Record no. 66159)

MARC details
000 -الفاتح
حقل البيانات ثابتة الطول 00857cam a2200277 a 4500
005 - وقت وتاريخ اخر تعامل مع التسجيلة
رقم الضبط 20240530110903.0
008 - عناصر البيانات ثابتة الطول - معلومات عامة
حقل البيانات ثابتة الطول 950313s1995 wiua b 001 0 eng
010 ## -
-- 94072187
020 ## - الرقم الدولى المعيارى للكتب
الرقم الدولى المعيارى للكتاب 0697264599
020 ## - الرقم الدولى المعيارى للكتب
الرقم الدولى المعيارى للكتاب 0697150623 (paper)
040 ## - مصدر الفهرسة
وكالة الفهرسة الأصلية DLC
وكالة النسخ DLC
وكالة التعديل DLC
050 00 -
-- BF121
-- .S39 1995
082 04 - رقم تصنيف ديوى العشرى
رقم الطبعة 20
رقم التصنيف 150\
رقم المادة S P
100 1# - المدخل الرئيسى - إسم شخصى
الإسم الشخصى Sdorow, Lester.
245 10 - بيان العنوان
العنوان Psychology /
بيان المسئوليه,etc Lester M. Sdorow
250 ## - بيان الطبعة
بيان الطبعة 3rd ed.
260 ## - PUBLICATION, DISTRIBUTION, ETC. (IMPRINT)
تاريخ النشر أو التوزيع c1995.
300 ## - الوصف المادى
التعداد 1 v. (various pagings) :
تفاصيل ماديه اخرى للوعاء ill. (some col.) ;
أبعاد الوعاء 29 cm.
504 ## - تبصرة ببليوجرافية
تبصرة ببليوجرافية,الخ Includes bibliographical references and indexes.
650 #0 - المدخل الاضافى بالموضوع-مصطلح موضوعى
مصطلح موضوعي Psychology
التقسيم الفرعي الشكلي Textbooks.
942 ## - عناصر المدخل الإضافي( كوها)
مصدر التصنيف او مخطط الترفيف Dewey Decimal Classification
Koha [default] item type كتاب
260 ## - PUBLICATION, DISTRIBUTION, ETC. (IMPRINT)
-- Madison, Wis. :
-- Brown & Benchmark,
906 ## - عنصر بيانات محلى F, LDF (RLIN)
a 7
b cbc
c orignew
d 2
e opcn
f 19
g y-gencatlg
Holdings
حالة التراجع حالة الفقد مصدر التصنيف او خطة الترفيف حالة تلف ليس للاعارة المكان المؤقت الموقع الحالى تاريخ الاكتساب اجمالي اﻻعارات رقم الطلب الباركود تاريخ اخر مشاهدة تاريخ تفعيل السعر نوع وعاء كوها
    ddc     مكتبة القاهرة الكبرى مكتبة القاهرة الكبرى 02/19/2022   150\ S P 167406 02/19/2022 02/19/2022 كتاب

Powered By

EGPV